000 00691nam a22001695i 4500
001 158568
003 ES-MaACL
005 20230906211220.0
008 040901s1875 sp |||| | spa d
040 _aCAM
_bspa
_cCAM
100 1 _aMallada, Lucas (
_d1841-1921)
_975787
245 1 0 _aBreve reseña geológica de la provincia de Huesca /
_cpor Lucas Mallada.
260 _aMadrid :
_b[s.n.],
_c1875 (
_fImprenta de T. Fortanet)
300 _a64 p. ;
_c25 cm.
650 0 4 _aGeología-
_zHuesca (Provincia)
_913091
852 _aES-MaACL
_jT-1105-F-4
_z-- Enc. hol. conservando la cub. original
_z-- Legado de Federico de Botella y de Hornos
_z-- Dedicatoria ms. del autor a Federico de Botella
999 _c158568
_d158568